The Un-finished society

में बचाया:
ग्रंथसूची विवरण
मुख्य लेखक: Borch, Herbert Von
स्वरूप: पुस्तक
भाषा:Undetermined
प्रकाशित: New York Hawthorn Books 1962
विषय:
टैग : टैग जोड़ें
कोई टैग नहीं, इस रिकॉर्ड को टैग करने वाले पहले व्यक्ति बनें!
Thư viện lưu trữ: Trung tâm Học liệu Trường Đại học Cần Thơ
LEADER 00490nam a2200181Ia 4500
001 CTU_86103
008 210402s9999 xx 000 0 und d
082 |a 917.3 
082 |b B726 
100 |a Borch, Herbert Von 
245 4 |a The Un-finished society 
245 0 |c Herbert Von Borch 
260 |a New York 
260 |b Hawthorn Books 
260 |c 1962 
650 |a National characteristics, american 
904 |i Tuyến 
980 |a Trung tâm Học liệu Trường Đại học Cần Thơ